000
00282nam a2200109Ia 4500
008
220204s9999 xx 000 0 und d
082
_a
547.454
_b
HAR
245
0
_a
Cell surface carbohydrate chemistry
260
_a
New York
_b
Academic
_c
1978
700
_a
Harmon, Robert E
942
_c
BK
999
_c
33368
_d
33368